Návrh a tvorba výučbovej aplikácie pre výpočet renty a jednorázového poistného v životnom poistení osôb

Saved in:
Bibliographic Details
Main Author: Bondarenko, Andrii (Author)
Other Authors: Liška, Vladimír (Thesis advisor)
Format: Manuscript Book
Language:Slovak
Published: 2025
Subjects:
Online Access:http://is.stuba.sk/zp/portal_zp.pl?podrobnosti=180241
Tags: Add Tag
No Tags, Be the first to tag this record!

MARC

LEADER 00000ntm a22000003a 4500
001 stuzp103767
003 SK-STU
005 20250628210802.5
007 ta
008 150427s2015----xo-----f-mn---000-0-slo-d
040 |a STU  |b slo 
041 0 |a slo 
100 1 |a Bondarenko, Andrii  |u 066000  |4 aut  |U MTF Materiálovotechnologická fakulta  |T MTF Ústav aplikovanej informatiky, automatizácie a mechatroniky  |X 123695  |U M6000  |Y 86  |7 123695 
242 0 1 |a Design and creation of a teaching application for annuities calculation and one-time insurance premiums in life insurance of persons  |y eng 
245 1 0 |a Návrh a tvorba výučbovej aplikácie pre výpočet renty a jednorázového poistného v životnom poistení osôb 
260 |c 2025 
650 4 |a renta  |2 slo 
650 4 |a jednorazové poistné  |2 slo 
650 4 |a mobilná aplikácia  |2 slo 
650 4 |a Xamarin.Forms  |2 slo 
650 4 |a životné poistenie  |2 slo 
650 4 |a C#  |2 slo 
650 4 |a life insurance  |2 eng 
650 4 |a annuity  |2 eng 
650 4 |a single premium  |2 eng 
650 4 |a mobile application  |2 eng 
650 4 |a Xamarin.Forms  |2 eng 
650 4 |a C#  |2 eng 
700 1 |a Liška, Vladimír  |u 066000  |k Z1  |4 ths  |U MTF Materiálovotechnologická fakulta  |T MTF Ústav aplikovanej informatiky, automatizácie a mechatroniky  |X 1513  |U M6000  |Y 86  |7 A000001513 
856 4 |u http://is.stuba.sk/zp/portal_zp.pl?podrobnosti=180241 
996 |c M* BP-9886  |l MMSKP  |s P  |a 0  |w stuzp103767_0001